A carregar...

ഓർമക്കുറിപ്പുകൾ /

Detalhes bibliográficos
Autor principal: അജിത
Outros Autores: Ajitha
Formato: Printed Book
Publicado em: Kottayam: DC Books, 1999.
Assuntos:
LEADER 00542cam a2200157ua 4500
020 |a 81-7130-285-8 
082 |a M923.2  |b AJI/O 
100 0 |a അജിത  
245 0 0 |a ഓർമക്കുറിപ്പുകൾ /  
260 |a Kottayam:  |b DC Books,  |c 1999. 
300 |a 371p.. 
650 0 |a Ormakkurippukal   |a Ajitha - Memoir  |a Malayalam literature 
700 |a Ajitha 
942 |c BK 
999 |c 16545  |d 16545 
952 |0 0  |1 0  |4 0  |6 M_923_200000000000000_AJI  |7 0  |9 17253  |a KUCL  |b KUCL  |d 2014-05-23  |l 6  |m 3  |o M923.2 AJI/  |p 08371  |r 2018-08-04  |s 2018-06-29  |w 2014-05-23  |y BK